Pokémon - Attacken von Impergator in KA/PU - Statistiken

Allgemein
  • Dieses Quiz wurde 5 mal gespielt
  • Das Durchschnittsergebnis liegt bei 31 aus 82
Antwortstatistiken
Antwort % Korrekt
Aquaknarre
100%
Aquawelle
100%
Biss
100%
Knirscher
100%
Kratzer
100%
Surfer
100%
Aquahaubitze
80%
Bodycheck
80%
Eiszahn
80%
Hydropumpe
80%
Kaskade
80%
Regentanz
80%
Silberblick
80%
Wassersäulen
80%
Aero-Ass
60%
Aquadurchstoß
60%
Drachenklaue
60%
Drachentanz
60%
Eisstrahl
60%
Eissturm
60%
Erdbeben
60%
Erholung
60%
Felsgrab
60%
Fluch
60%
Hyperstrahl
60%
Schaufler
60%
Steinhagel
60%
Agilität
40%
Ausdauer
40%
Bodyslam
40%
Delegator
40%
Eishieb
40%
Fassade
40%
Fuchtler
40%
Gigastoß
40%
Grimasse
40%
Lehmschelle
40%
Nassschweif
40%
Psychobeißer
40%
Raub
40%
Schlafrede
40%
Schlitzer
40%
Schutzschild
40%
Standpauke
40%
Wutanfall
40%
Blizzard
20%
Brüller
20%
Dampfwalze
20%
Drachenrute
20%
Dunkelklaue
20%
Durchbruch
20%
Fokusstoß
20%
Kalte Dusche
20%
Kraftkoloss
20%
Power-Punch
20%
Rechte Hand
20%
Risikotackle
20%
Schleuder
20%
Schmeichler
20%
Trugträne
20%
Wasserdüse
20%
Wegbereiter
20%
Whirlpool
20%
Antik-Kraft
0%
Aufruhr
0%
Breitseite
0%
Dreschflegel
0%
Fruststampfer
0%
Frustventil
0%
Fußkick
0%
Groll
0%
Konter
0%
Kreideschrei
0%
Lawine
0%
Lehmbrühe
0%
Metallklaue
0%
Notsituation
0%
Rollwende
0%
Rückentzug
0%
Schuppenschuss
0%
Schwerttanz
0%
Tera-Ausbruch
0%
Keine übereinstimmenden Quizze gefunden
Verteilung der Resultate
Anzahl Personen mit jedem Resultat
Perzentil nach korrekt beantworteten Fragen
Ihre Resultats-Entwicklung
Sie haben dieses Quiz noch nicht gespielt